مكتبة جامعة عجلون الوطنية

فهرس بحث المكتبة

Complete conditioning for basketball / (Record no. 34029)

MARC details
000 -LEADER
fixed length control field 03078cam a2200481 i 4500
001 - CONTROL NUMBER
control field 23762073
003 - CONTROL NUMBER IDENTIFIER
control field JO-AjAnu
005 - DATE AND TIME OF LATEST TRANSACTION
control field 20251011093428.0
007 - PHYSICAL DESCRIPTION FIXED FIELD--GENERAL INFORMATION
fixed length control field t|
008 - FIXED-LENGTH DATA ELEMENTS--GENERAL INFORMATION
fixed length control field 240703s2026 ilua b 001 0 eng
010 ## - LIBRARY OF CONGRESS CONTROL NUMBER
LC control number 2024024022
020 ## - INTERNATIONAL STANDARD BOOK NUMBER
International Standard Book Number 9781718216600
Qualifying information paperback
020 ## - INTERNATIONAL STANDARD BOOK NUMBER
Canceled/invalid ISBN 9781718216617
Qualifying information epub
020 ## - INTERNATIONAL STANDARD BOOK NUMBER
Canceled/invalid ISBN 9781718216624
Qualifying information pdf
035 ## - SYSTEM CONTROL NUMBER
System control number 23762073
035 ## - SYSTEM CONTROL NUMBER
System control number (DLC)23762073
040 ## - CATALOGING SOURCE
Original cataloging agency DLC
Language of cataloging eng
Description conventions rda
Transcribing agency DLC
Modifying agency DLC
-- DLC-MRC
-- DLC
-- JO-AjAnu
041 ## - LANGUAGE CODE
Language code of text/sound track or separate title eng
Language code of original eng
042 ## - AUTHENTICATION CODE
Authentication code pcc
050 00 - LIBRARY OF CONGRESS CALL NUMBER
Classification number GV885.35
Item number .N39 2026
082 00 - DEWEY DECIMAL CLASSIFICATION NUMBER
Classification number 796.32307/7
Edition number 23
110 2# - MAIN ENTRY--CORPORATE NAME
Corporate name or jurisdiction name as entry element National Basketball Strength & Conditioning Association
Relator term author
Relationship aut
-- http://id.loc.gov/vocabulary/relators/aut
Authority record control number or standard number http://id.loc.gov/authorities/names/n2024035874
Real World Object URI http://id.loc.gov/rwo/agents/n2024035874
245 10 - TITLE STATEMENT
Title Complete conditioning for basketball /
Statement of responsibility, etc. National Basketball Strength & Conditioning Association ; Bill Foran, editor.
264 #1 - PRODUCTION, PUBLICATION, DISTRIBUTION, MANUFACTURE, AND COPYRIGHT NOTICE
Place of production, publication, distribution, manufacture Champaign, IL :
Name of producer, publisher, distributor, manufacturer Human Kinetics,
Date of production, publication, distribution, manufacture, or copyright notice [2026]
300 ## - PHYSICAL DESCRIPTION
Extent ix, 334 pages
Other physical details illustrations
Dimensions 26 cm
336 ## - CONTENT TYPE
Content type term text
Content type code txt
Source rdacontent
Authority record control number or standard number http://id.loc.gov/vocabulary/contentTypes/txt
337 ## - MEDIA TYPE
Media type term unmediated
Media type code n
Source rdamedia
Authority record control number or standard number http://id.loc.gov/vocabulary/mediaTypes/n
338 ## - CARRIER TYPE
Carrier type term volume
Carrier type code nc
Source rdacarrier
Authority record control number or standard number http://id.loc.gov/vocabulary/carriers/nc
340 ## - PHYSICAL MEDIUM
Authority record control number or standard number http://id.loc.gov/vocabulary/millus/ill
504 ## - BIBLIOGRAPHY, ETC. NOTE
Bibliography, etc. note Includes bibliographical references and index.
520 ## - SUMMARY, ETC.
Summary, etc. "Complete Conditioning for Basketball helps coaches and players from high-school age and up assess their current conditioning levels and provides detailed instructions, photos, and illustrations covering movement preparation, mobility and flexibility, strength, core, power, speed and agility, and on-court conditioning exercises. It also covers recovery and returning to play after injury and provides several programming examples for athletes to incorporate into their training"-- Provided by publisher.
650 #0 - SUBJECT ADDED ENTRY--TOPICAL TERM
Topical term or geographic name entry element Basketball
General subdivision Training
Authority record control number or standard number http://id.loc.gov/authorities/subjects/sh85012119
650 #0 - SUBJECT ADDED ENTRY--TOPICAL TERM
Topical term or geographic name entry element Basketball
General subdivision Physiological aspects
650 #0 - SUBJECT ADDED ENTRY--TOPICAL TERM
Topical term or geographic name entry element Physical fitness
Authority record control number or standard number http://id.loc.gov/authorities/subjects/sh85101540
700 1# - ADDED ENTRY--PERSONAL NAME
Personal name Foran, Bill
Relator term editor
Relationship http://id.loc.gov/vocabulary/relators/edt
Real World Object URI http://id.loc.gov/rwo/agents/n94101822
758 ## - RESOURCE IDENTIFIER
Real World Object URI http://id.loc.gov/resources/instances/23762073
758 ## - RESOURCE IDENTIFIER
Relationship http://id.loc.gov/ontologies/bibframe/instanceOf
Real World Object URI http://id.loc.gov/resources/works/23762073
776 1# - ADDITIONAL PHYSICAL FORM ENTRY
Relationship information Online version
Relationship http://id.loc.gov/entities/relationships/onlineversion
Main entry heading National Basketball Strength & Conditioning Association
Title Complete conditioning for basketball
Place, publisher, and date of publication Champaign, IL: Human Kinetics, 2024
Physical description 1 online resource
Record control number (DLC) 2024024023
International Standard Book Number 9781718216624
-- 9781718216617
-- 9781718216600
884 ## - DESCRIPTION CONVERSION INFORMATION
Conversion process DLC bibframe2marc v2.10-dev
Conversion date 20250502
Conversion agency DLC
Uniform Resource Identifier https://github.com/lcnetdev/bibframe2marc/releases/tag/v2.10-dev
906 ## - LOCAL DATA ELEMENT F, LDF (RLIN)
a 7
b cbc
c orignew
d 1
e ecip
f 20
g y-gencatlg
942 ## - ADDED ENTRY ELEMENTS (KOHA)
Source of classification or shelving scheme Library of Congress Classification
Koha item type Books
Suppress in OPAC No
Holdings
Withdrawn status Lost status Source of classification or shelving scheme Damaged status Not for loan Home library Current library Date acquired Total Checkouts Full call number Barcode Date last seen Price effective from Koha item type
    Library of Congress Classification     مكتبة جامعة عجلون الوطنية مكتبة جامعة عجلون الوطنية 11/10/2025   GV885.35.N39 2026 e4056 11/10/2025 11/10/2025 Books